| 000 | 00637nam a2200217Ia 4500 | ||
|---|---|---|---|
| 005 | 20260429112131.0 | ||
| 008 | 260429s9999||||xx |||||||||||||| ||und|| | ||
| 020 | _a9781041201601 | ||
| 041 | _aEnglish | ||
| 082 |
_a621.042 _bBLA |
||
| 100 | _aBlaabjerg, Frede | ||
| 245 | 0 |
_aRenewable energy devices and systems with simulations in MATLAB and ANSYS / _cFrede Blaabjerg |
|
| 250 | _a1st ed. | ||
| 260 |
_aBoca Raton : _bCRC Press, _c2026. |
||
| 300 | _axii, 402 p.; pbk | ||
| 650 | _a Computer simulation | ||
| 650 | _a Renewable energy sources | ||
| 650 | _aElectric power systems | ||
| 700 | _a Ionel, Dan M. | ||
| 942 | _cTB | ||
| 999 |
_c52524 _d52524 |
||